<?xml version="1.0" encoding="UTF-8"?><marc:collection xmlns:marc="http://www.loc.gov/MARC21/slim">
  <marc:record>
    <marc:leader>00000nas  2200000za 4500</marc:leader>
    <marc:controlfield tag="001">9.502651</marc:controlfield>
    <marc:controlfield tag="003">CaOODSP</marc:controlfield>
    <marc:controlfield tag="005">20230803120315</marc:controlfield>
    <marc:controlfield tag="007">cr |||||||||||</marc:controlfield>
    <marc:controlfield tag="008">150406c20009999oncar p oss  f0   b0fre|d</marc:controlfield>
    <marc:datafield tag="020" ind1=" " ind2=" ">
      <marc:subfield code="z">0-662-64795-5</marc:subfield>
      <marc:subfield code="z">0-662-64835-8</marc:subfield>
      <marc:subfield code="z">0-662-86318-6</marc:subfield>
      <marc:subfield code="z">0-662-87971-6</marc:subfield>
      <marc:subfield code="z">0-662-75277-5</marc:subfield>
      <marc:subfield code="z">0-662-78469-3</marc:subfield>
    </marc:datafield>
    <marc:datafield tag="022" ind1=" " ind2=" ">
      <marc:subfield code="a">1702-3238</marc:subfield>
    </marc:datafield>
    <marc:datafield tag="040" ind1=" " ind2=" ">
      <marc:subfield code="a">CaOODSP</marc:subfield>
      <marc:subfield code="b">fre</marc:subfield>
    </marc:datafield>
    <marc:datafield tag="043" ind1=" " ind2=" ">
      <marc:subfield code="a">n-cn---</marc:subfield>
    </marc:datafield>
    <marc:datafield tag="086" ind1="1" ind2=" ">
      <marc:subfield code="a">R31-3F-PDF</marc:subfield>
      <marc:subfield code="z">R31-3/1999</marc:subfield>
      <marc:subfield code="z">R31-3/2000</marc:subfield>
      <marc:subfield code="z">R31-3/2001F</marc:subfield>
      <marc:subfield code="z">R31-3/2002F</marc:subfield>
      <marc:subfield code="z">R31-3/2003F-PDF</marc:subfield>
      <marc:subfield code="z">R31-3/2004F-PDF</marc:subfield>
      <marc:subfield code="z">R31-3/2011F-PDF</marc:subfield>
      <marc:subfield code="z">R31-3/2012F-PDF</marc:subfield>
      <marc:subfield code="z">R31-3/2013F-PDF</marc:subfield>
    </marc:datafield>
    <marc:datafield tag="130" ind1="0" ind2=" ">
      <marc:subfield code="a">Population indienne inscrite selon le sexe et la résidence (En ligne)</marc:subfield>
    </marc:datafield>
    <marc:datafield tag="210" ind1="0" ind2=" ">
      <marc:subfield code="a">Pop. indienne inscr. sexe résid. </marc:subfield>
      <marc:subfield code="b">(En ligne)</marc:subfield>
    </marc:datafield>
    <marc:datafield tag="222" ind1=" " ind2="0">
      <marc:subfield code="a">Population indienne inscrite selon le sexe et la résidence </marc:subfield>
      <marc:subfield code="b">(En ligne)</marc:subfield>
    </marc:datafield>
    <marc:datafield tag="245" ind1="1" ind2="0">
      <marc:subfield code="a">Population indienne inscrite selon le sexe et la résidence </marc:subfield>
      <marc:subfield code="h">[ressource électronique].</marc:subfield>
    </marc:datafield>
    <marc:datafield tag="260" ind1=" " ind2=" ">
      <marc:subfield code="a">Ottawa : </marc:subfield>
      <marc:subfield code="b">Direction générale de la gestion de l'information, Ministère des affaires indiennes et du Nord canadien, </marc:subfield>
      <marc:subfield code="c">2000-</marc:subfield>
    </marc:datafield>
    <marc:datafield tag="310" ind1=" " ind2=" ">
      <marc:subfield code="a">Annuel</marc:subfield>
    </marc:datafield>
    <marc:datafield tag="362" ind1="1" ind2=" ">
      <marc:subfield code="a">Paraît depuis 1999.</marc:subfield>
    </marc:datafield>
    <marc:datafield tag="520" ind1=" " ind2=" ">
      <marc:subfield code="a">« En vertu de la Loi sur les Indiens (chapitre I, paragraphe 5 (1)), le ministère des Affaires autochtones et Développement du Nord canadien (AADNC) est tenu d'inscrire au Registre des Indiens le nom des individus inscrits conformément à la Loi. Le Système d'inscription des Indiens (SII) est une base de données contenant les noms des individus inscrits et une série de données supplémentaires. La Population indienne inscrite selon le sexe et la résidence décrit la population du SII telle qu'inscrite au 31 décembre 2011. Des statistiques descriptives sont compilées à partir du SII ... »--Introduction, 2011.</marc:subfield>
    </marc:datafield>
    <marc:datafield tag="550" ind1=" " ind2=" ">
      <marc:subfield code="a">Publ. 2011-2013 par Affaires autochtones et Développement du Nord Canada; 2015- par Services aux Autochtones Canada.</marc:subfield>
    </marc:datafield>
    <marc:datafield tag="691" ind1="0" ind2="7">
      <marc:subfield code="a">Autochtones</marc:subfield>
      <marc:subfield code="2">gcpds</marc:subfield>
    </marc:datafield>
    <marc:datafield tag="691" ind1="0" ind2="7">
      <marc:subfield code="a">Statistiques</marc:subfield>
      <marc:subfield code="2">gcpds</marc:subfield>
    </marc:datafield>
    <marc:datafield tag="710" ind1="1" ind2=" ">
      <marc:subfield code="a">Canada.</marc:subfield>
      <marc:subfield code="b">Affaires indiennes et du Nord Canada. </marc:subfield>
      <marc:subfield code="b">Direction générale de la gestion de l'information.</marc:subfield>
    </marc:datafield>
    <marc:datafield tag="710" ind1="1" ind2=" ">
      <marc:subfield code="a">Canada. </marc:subfield>
      <marc:subfield code="b">Affaires autochtones et développement du Nord Canada.</marc:subfield>
    </marc:datafield>
    <marc:datafield tag="710" ind1="1" ind2=" ">
      <marc:subfield code="a">Canada. </marc:subfield>
      <marc:subfield code="b">Services aux Autochtones Canada.</marc:subfield>
    </marc:datafield>
    <marc:datafield tag="775" ind1="0" ind2="8">
      <marc:subfield code="t">Registered Indian population by sex and residence </marc:subfield>
      <marc:subfield code="w">(CaOODSP)9.506255</marc:subfield>
    </marc:datafield>
    <marc:datafield tag="780" ind1="0" ind2="0">
      <marc:subfield code="t">Registered Indian population by sex and residence </marc:subfield>
      <marc:subfield code="w">(CaOODSP)9.500646</marc:subfield>
    </marc:datafield>
  </marc:record>
</marc:collection>
